1 album = 1 artiste - Statistiques

Statistiques générales
  • Ce quiz a été pris 2 219 fois
  • Le résultat moyen est 9 sur 15
Statistiques - réponses
Par images Réponse % Correct
The Weeknd
96%
Daft Punk
95%
Les Beatles
88%
Nirvana
82%
Taylor Swift
82%
Queen
74%
David Bowie
73%
Pink Floyd
72%
Michael Jackson
68%
Sexion d'Assaut
56%
Dadju
43%
Les Rolling Stones
38%
Shakira
36%
Téléphone
17%
Matt Pokora
6%
Aucun quiz correspondant
Distribution des résultats
% des personnes avec chaque résultat
Percentile par nombre de réponses
Votre historique - résultats
Vous n’avez pas pris ce quiz